[Event "Sharjah Master 2024"]
[Site "Shsrjah - Abu Dhabi"]
[Date "2024.05.20"]
[Round "?"]
[White "Aditya Mittal"]
[Black "Erdogmus, Yagiz Kaan"]
[Result "0-1"]
[WhiteElo "2607"]
[BlackElo "2553"]
[PlyCount "64"]
[EventDate "2024.05.14"]
[EventCountry "UAE"]

{[%evp 9,64,28,28,28,90,-10,-8,1,-5,-9,8,-10,27,-19,-9,-13,-6,-52,-52,-73,-70,-239,-155,-157,-157,-303,-301,-356,-317,-317,-270,-260,-269,-272,-189,-263,-266,-268,-264,-362,-370,-466,-466,-948,-870,-29988,-29989,-29989,-29990,-29990,-29991,-29994,-29995,-29997,-29998,-29998,-29999]} 1. e4 c6 2. d4 d5 3. e5 c5 4. Nf3 cxd4 5. Qxd4 Nc6 6. Qf4 f6 $146 ({RR} 6... e6 7. Bd3 Nb4 8. Nc3 ({RR} 8. O-O Nxd3 9. cxd3 Ne7 10. Nc3 Ng6 11. Qg3 Be7 12. Ne2 O-O 13. Nf4 Bd7 14. Nxg6 fxg6 15. h4 Rc8 16. Bg5 Bxg5 17. Qxg5 Qb6 18. Qe3) 8... Nxd3+ ({RR} 8... Bd7 9. h4 ({RR} 9. Bd2 h6 10. h4 Nxd3+ 11. cxd3 Ne7 12. h5 Nc6 (12... Qb6 $11 {remains equal.}) 13. Nb5 (13. a3 $16) 13... a6 14. Nd6+ (14. Nbd4 $16) 14... Bxd6 $1 15. exd6 Qf6 16. d4 Qxf4 17. Bxf4 f6 18. Kd2 Kf7 19. Rac1 Rhc8 20. Rc3) 9... h5 10. Qg3 ({RR} 10. Ne2 Rc8 11. Ned4 Nxd3+ 12. cxd3 Qa5+ (12... Nh6 $11) 13. Bd2 Qa6 14. O-O Qxd3 15. Rac1 Bc5 $2 (15... Nh6 $16) 16. Rc3 Qa6 17. Rfc1 b6 18. b4 Bxd4 19. Rxc8+ Bxc8 20. b5 Qb7 21. Nxd4 Ne7 22. Bb4 O-O 23. Bd6) (10. O-O $14) 10... Ne7 11. Nd4 Qb6 12. a3 Nxd3+ 13. Qxd3 Ng6 14. f4 Rc8 15. Nce2 Bc5 16. b3 Qa6 17. Qxa6 bxa6 18. Bd2 Bb5 19. Nxb5 axb5 20. b4 (20. c3 $15) 20... Bb6 21. a4 bxa4 22. Kd1 Rc4 23. Rxa4) 9. cxd3 Bd7 10. Bd2 Rc8 11. h4 h5 12. O-O Nh6 (12... Ne7 $14) 13. Rac1 ({White should play} 13. Ne2 $16) 13... Nf5 14. Ne2 Bb5 (14... Rxc1 $142 15. Rxc1 Be7) 15. Rxc8 Qxc8 16. Rc1 Qd7 17. Rc3 (17. Bb4 $142) 17... Be7 18. Ned4 Nxd4 19. Nxd4 O-O 20. Qf3 Ba6 ({Black should try} 20... a6 $14) 21. Qxh5 {Gokhale,R (2079)-Arias,J (2339) chess.com INT 2024 ½-½ (38)}) ({RR} 6... g6 7. Nc3 d4 8. Nb5 Bh6 9. Qh4 Bxc1 10. Rxc1 a6 11. Nbxd4 Nxe5 12. Be2 Qa5+ 13. c3 Nf6 14. O-O Nxf3+ 15. Nxf3 Qxa2 (15... O-O $11) 16. Rfe1 (16. Bc4 $16 Qxb2 17. Rce1 Qxc3 18. Re3) 16... O-O 17. Qb4 Nd5 (17... a5 $11 18. Qxe7 Kg7) 18. Qd4 e6 $2 (18... Nc7 $16 {is a better defense.}) 19. c4 Nb4 20. Ng5 h6 21. Ne4 $1 {Firouzja,A (2760)-Fedoseev,V (2690) chess.com INT 2024 0-1 (51)}) ({RR} 6... g6 7. Nc3 Bh6 (7... d4 $14 8. Bc4 Bf5) 8. Qg3 (8. Qa4 $16) 8... Bxc1 9. Rxc1 d4 10. Ne4 Qa5+ 11. Ned2 Nh6 12. Bc4 Nf5 13. Qf4 g5 14. Qxg5 Nxe5 15. O-O Nxc4 16. Nxc4 Qd5 $1 17. Nce5 h6 $1 18. Qf4 f6 $1 19. Nd3 e5 20. Rfe1 O-O $1 21. Qd2 {Zhigalko,S (2572)-Erdogmus,Y (2554) chess.com INT 2024 1-0 (40)} (21. Qg4+ $11 Kh7 22. Nb4)) ({RR} 6... e6 7. Bd3 Nb4 8. Nc3 Nxd3+ 9. cxd3 Ne7 10. h4 h5 11. Bd2 Nf5 12. Ne2 Qb6 13. Bc3 Qa6 14. Qd2 Be7 {½-½ (14) Liu,E (2332)-Galyas,M (2423) Sunnyvale USA 2024}) ({RR} 6... e6 7. Bd3 Nb4 8. Nc3 Nxd3+ 9. cxd3 Ne7 10. h4 h5 11. Bd2 Nf5 12. Ne2 Bd7 13. Rh3 (13. Ng3 $16) 13... Qb6 14. Bc3 g6 15. Kf1 Rc8 16. Ned4 Bb5 17. Ng5 Bc5 18. Nxf5 gxf5 19. a4 d4 20. axb5 dxc3 21. bxc3 {Mahdavi,R (2353)-Muthaiah AL (2493) Dubai Police Officers Club, A 2024 1-0 (35)}) (6... g6 $11) 7. Qg3 ({Better is} 7. Bb5 $16) 7... g5 $11 8. Bb5 {The position is equal.} Nh6 9. Nd4 Qb6 10. c3 Nf5 11. Bxc6+ Qxc6 12. Nxf5 Bxf5 13. O-O h5 14. exf6 exf6 15. h4 $2 {Mistake. Qf3 was best.} (15. Qf3 Qd7 16. Re1+ Kf7 17. Qd1 h4 18. Be3 Re8 19. Nd2 Bd6 20. Qb3 Bb8) (15. Qf3 $15 Qe6 16. Qe3) 15... gxh4 $6 {Inaccuracy. O-O-O was best.} (15... O-O-O 16. Qf3 Qd7 17. Na3 gxh4 18. Bf4 b6 19. Rac1 Bc5 20. Rce1 Be4 21. Rxe4) 16. Qxh4 O-O-O 17. Be3 $2 {Mistake. Bf4 was best.} (17. Bf4 Rg8 $1 18. f3 Re8 $1 19. Kh1 Re2 20. Nd2 Rexg2 21. Rf2 Rxf2 22. Qxf2 Bc5) (17. Bf4 $17 {was necessary.} Rg8 18. g3 (18. Qxh5 $2 Be4 $17)) 17... Rg8 $19 {Hoping for ...d4.} 18. Bd4 Bd6 19. Nd2 Rg6 20. f4 ({Don't play} 20. Bxf6 Rxf6 $1 {[%mdl 512]} 21. Nf3 (21. Qxf6 $2 {loses.} Bh2+ {[%mdl 64] Discovered Attack} 22. Kxh2 Qxf6 $19) 21... Rg6 $19) (20. Qxh5 Rg5 $19) 20... Rdg8 21. Rf2 Qd7 $6 {Inaccuracy. Qe8 was best.} (21... Qe8 22. a4) 22. Bxf6 $6 {[#] Inaccuracy. Re1 was best.} (22. Re1) (22. Re1 $142) 22... Rg4 $1 {[%cal Rg4h4]} 23. Qxh5 Bxf4 24. Bd4 $6 {Inaccuracy. Re1 was best.} (24. Re1 Bg6 25. Qh3 Bg3 26. Ree2 Bxf2+ 27. Rxf2 Bf5 28. Qe3 b6 29. Qe7 Qxe7) 24... R4g5 25. Qe2 Bh3 {...Bxg2 is the strong threat.} 26. Nf1 $4 {Checkmate is now unavoidable. Rxf4 was best.} (26. Rxf4 Rxg2+ 27. Qxg2 Bxg2 28. Raf1 Bf3+ 29. Kf2 Rg2+ 30. Ke1 (30. Ke3 $142 Qe6+ 31. Ne4 dxe4 32. Rf2) 30... Qe6+ 31. Ne4 dxe4) (26. Re1 $142 Bxg2 27. Rxg2 Rxg2+ 28. Qxg2 Rxg2+ 29. Kxg2 Bxd2 30. Re2 Qg4+ 31. Kf1 Qf3+ 32. Rf2 Qh1+ 33. Ke2) 26... Bxg2 {( -> ...Bf3+)} 27. Rxg2 Qh3 {Black mates.} 28. Rxg5 Rxg5+ 29. Kf2 Qh4+ 30. Ng3 Bxg3+ 31. Ke3 $4 {Checkmate is now unavoidable. Kf3 was best.} (31. Kf3 Qf4+ 32. Kg2 Be1+ 33. Kh1 Qh4+ 34. Qh2 Qe4+ 35. Qg2 Qxg2#) 31... Bf4+ 32. Kd3 Qh7+ {Accuracy: White = 41%, Black = 79%.} 0-1

[Event "Sharjah Master 2024"]
[Site "Shsrjah - Abu Dhabi"]
[Date "2024.05.20"]
[Round "?"]
[White "Idani, Pouya"]
[Black "Erdos, Viktor"]
[Result "1-0"]
[WhiteElo "2605"]
[BlackElo "2546"]
[PlyCount "131"]
[EventDate "2024.05.14"]
[EventCountry "UAE"]

{[%evp 9,131,21,40,4,4,4,9,6,1,-56,-2,-12,11,-4,46,51,68,19,57,23,22,24,39,27,251,251,235,237,256,243,232,253,236,233,224,52,123,67,49,56,57,35,69,66,62,49,61,39,78,82,86,68,110,110,110,101,176,164,169,168,164,147,146,123,238,219,242,145,316,92,338,337,343,343,337,339,339,333,339,336,330,287,282,259,254,226,225,226,214,227,290,281,268,251,312,301,418,430,428,405,297,315,458,447,490,499,490,489,486,439,515,483,532,526,850,849,658,803,882,800,542,542,494,416]} 1. e4 {Stockfish 16.1} e5 2. Nf3 Nf6 3. d4 Nxe4 4. dxe5 d5 5. Nbd2 Qd7 6. Bd3 Nc5 7. Be2 Ne6 8. Nf1 {The position is equal.} ({RR} 8. O-O b6 9. Re1 Bb7 10. Nf1 c5 ({RR} 10... Nc6) (10... Nc6 $15) 11. c3 (11. Ng5 $14) 11... Nc6 12. Ng3 g6 13. Bg5 Bg7 14. Bf6 O-O (14... Bxf6 $15 15. exf6 O-O-O) 15. Qd2 Bxf6 16. exf6 Qc7 17. Bb5 ({RR} 17. Qxd5 $2 {17.b5 0.23} Ncd4 $1) 17... Qf4 $1 18. Qxd5 Ncd8 ({RR} 18... Nc7 19. Qc4 Qxf6) (18... Nc7 $11 19. Qc4 Qxf6) 19. Qe5 Bxf3 20. Qxf4 Nxf4 21. gxf3 Nde6 22. Rad1 Rad8 {Firouzja,A (2866)-Carlsen,M (2890) Chess.com 2024 [Stockfish 16.1] ½-½}) 8... b6 $146 ({RR} 8... c5 9. Ng3 Nc6 10. O-O Be7 11. Nf5 O-O 12. c3 Rd8 13. Bd3 c4 14. Bb1 d4 15. cxd4 (15. Qa4 $1 $14) 15... Nexd4 16. N3xd4 Nxd4 17. Nd6 Nc6 18. Qc2 g6 19. Nxc4 ({White should try} 19. Bf4 $15) 19... Qc7 (19... b6 $17 20. Qc3 Ba6) 20. Nd6 Bxd6 21. exd6 Qxd6 22. Bg5 Nd4 23. Qd1 {Aizenberg,B (2409)-Akshit,K (2172) Orosei ITA 2024 1-0 (42)}) 9. Ne3 (9. Ng3 $11) 9... Bb7 (9... d4 $5 {[%cal Rd4e3]} 10. Nf5 c5 $11) 10. c3 Nf4 11. Bf1 Bc5 12. b4 Be7 13. Qc2 (13. Nd4 $5 {[%cal Re3f5]}) 13... O-O 14. Nf5 (14. h4 {with more complications.} d4 15. Nxd4 Nc6 16. Qe4 Nxd4 17. Qxb7 Nc2+ 18. Nxc2 Nd3+ 19. Bxd3 Qxd3 20. Qc6) 14... Ng6 $1 15. Bd3 $36 {[%mdl 2048] White has some pressure.} Re8 16. O-O Bf8 $4 {Blunder. Nc6 was best.} (16... Nc6 17. Nxe7+ Rxe7 18. Bf5 Qe8 19. e6 fxe6 20. Bxg6 $1 Qxg6 21. Qxg6 hxg6 22. Re1) (16... Nc6 $11 {and Black is okay.}) 17. N5d4 $18 Nc6 18. e6 $1 {[%cal Re6d7]} fxe6 19. Bxg6 hxg6 20. Nxc6 (20. Qxg6 Nxd4 21. cxd4 Qf7 $11) 20... Qxc6 21. Ne5 Qd6 22. Bf4 $4 {Blunder. Re1 was best.} (22. Re1 Qd8 23. Qxg6 Qf6 24. Qh5 Qf5 25. Bg5 Be7 26. f4 $1 d4 27. Rac1 $1 dxc3) (22. Nxg6 e5 $17) (22. Re1 $18) 22... Qe7 $6 {Inaccuracy. Qd8 was best.} (22... Qd8 $1 23. Nxg6) (22... Qd8 $1 $14) 23. Qxg6 $6 {Inaccuracy. Nxg6 was best.} (23. Nxg6 Qf6 24. Rfe1 d4 25. Be5 Qg5 {[%csl Gb7][%cal Rg5g2]} 26. f4 $1 {[%cal Rf4g5]} Qf5 27. Qxf5 exf5 28. Nxf8 Rxf8) (23. Nxg6 $16 Qf7 24. Rfe1) 23... Qf6 $14 24. Qg3 Bd6 {Strongly threatening ...Rf8.} 25. Qe3 Rf8 26. Bg3 $1 Qh6 27. Qxh6 gxh6 28. Rfe1 Rae8 $6 {Inaccuracy. d4 was best.} (28... d4 29. cxd4 Bxb4 30. Rec1 Bd6 31. f3 h5 32. Nc6 Rf7 33. Kf2 Kf8 34. Rc2) 29. Nf3 Rf6 30. Re3 a5 $6 {Inaccuracy. e5 was best.} (30... e5 31. Nxe5 Rfe6 32. f4 a5 33. a3 R6e7 34. Rd1 Kh7 35. Bh4 Re6 36. Bf2) 31. bxa5 bxa5 32. Rb1 Ba6 $6 {Inaccuracy. Bxg3 was best.} (32... Bxg3 33. hxg3 Ba6 34. Ne5 Rd8 35. Ree1 Rff8 36. Rb3 Ra8 37. Reb1 Kg7 38. Ra3) (32... Bxg3 $16 33. hxg3 (33. Rxb7 Bf4 $11) (33. fxg3 Ba6 $11) 33... Ba6) 33. Bxd6 $18 cxd6 34. Rb6 Bc4 35. Rxd6 Rb8 36. h3 (36. Rdxe6 Rxe6 37. Rxe6 d4 $17) 36... Rb1+ $6 {Inaccuracy. Bxa2 was best.} (36... Bxa2 37. Ra6 $1 {[%cal Ra6a5]} d4 38. Nxd4 Rb1+ 39. Kh2 Rxf2 40. Nxe6 Bd5 {[%csl Gd5][%cal Rf2g2]} 41. Rg3+ Kf7 42. Nd8+ $1) (36... Bxa2 $16 37. Ra6 (37. Rdxe6 Rxe6 38. Rxe6 Ra8 $14) 37... Rb1+ 38. Kh2 d4 39. cxd4 Bd5) 37. Kh2 Bxa2 38. Ra6 $2 {Mistake. Ne5 was best.} (38. Ne5 Rb7 39. Ng4 Rg6 40. Rd8+ Kh7 41. Rf3 e5 42. Rff8 Re6 43. Rh8+ Kg7) (38. Rdxe6 Rxe6 39. Rxe6 a4 $16) (38. Ne5 $18 Rb7 39. Ng4) 38... Rb2 $2 {[#] Mistake. d4 was best.} (38... d4) (38... d4 $16 {was worth a try.} 39. cxd4 Bd5) 39. Ra8+ $2 {Mistake. Ne5 was best.} (39. Ne5 $1 Rb7 40. Ng4 Rg6 41. Ra8+ Kh7 42. Rf3 Rg5 43. Rff8 h5 44. Rh8+ Kg6) ({Not} 39. Raxe6 Rxe6 40. Rxe6 d4 $14) (39. Rxa5 Bb1 $16) (39. Ne5 $1 $18 {and the rest is easy.}) 39... Kg7 $4 {[#] Blunder. Rf8 was best.} (39... Rf8 40. Rxa5) (39... Rf8 $16 40. Rxa5 d4 41. cxd4 (41. Nxd4 Rfxf2 42. Rg3+ Kf7 $16) 41... Bd5) 40. Ne5 $1 ({Less strong is} 40. Rxa5 Bb1 $14) 40... Rfxf2 41. Rg3+ Kf6 42. Ng4+ Ke7 43. Nxf2 Rxf2 44. Rxa5 {[%mdl 4096] Endgame KRR-KRB} Bb1 45. Ra7+ Kd6 46. Rf3 Re2 47. Ra6+ Kc5 48. Ra8 Be4 49. Rg3 Rf2 50. Rh8 Rf6 51. Kg1 Kd6 52. Rgg8 Kc5 53. Rf8 Rg6 54. Rhg8 Rxg8 55. Rxg8 {KR-KB} Kc4 (55... h5 $142 56. Rc8+ Kd6) 56. Re8 {White is clearly winning.} Kxc3 {intending ...d4.} 57. Rxe6 h5 58. Kf2 Bc2 59. Rc6+ Kd2 60. Rd6 Bb3 61. g4 hxg4 62. hxg4 Kd3 63. g5 Ke4 64. g6 Kf5 $4 {Checkmate is now unavoidable. Ke5 was best.} (64... Ke5 65. Rb6 Bc2 66. g7 Bh7 67. Rh6 Bg8 68. Rh8 Be6 69. g8=Q Bxg8 70. Rxg8) 65. g7 d4 66. Rd8 {Accuracy: White = 73%, Black = 51%.} 1-0

[Event "Sharjah Master 2024"]
[Site "Shsrjah - Abu Dhabi"]
[Date "2024.05.20"]
[Round "?"]
[White "Gupta, Abhijeet"]
[Black "Pranav Anand"]
[Result "0-1"]
[WhiteElo "2601"]
[BlackElo "2530"]
[PlyCount "123"]
[EventDate "2024.05.14"]
[EventCountry "UAE"]

{[%evp 9,123,-2,1,6,8,5,7,7,16,1,0,-35,-30,-56,-51,-60,-54,-120,-51,-237,-225,-233,-229,-251,-232,-237,-168,-168,-166,-160,-148,-154,-150,-158,-155,-152,-152,-151,-157,-215,-171,-233,-86,-145,-147,-143,-22,-52,-26,-33,-53,-85,-18,-9,-16,-42,-12,-50,-22,-50,0,-103,-103,-159,-173,-159,-161,-189,-190,-191,-188,-238,-235,-248,-127,-152,-84,-103,-95,-97,-93,-143,-142,-135,-130,-189,-183,-216,-185,-226,-219,-216,-200,-203,-203,-410,-187,-282,-298,-425,-425,-537,-535,-535,-535,-535,-527,-513,-508,-537,-524,-525,-525,-527,-526,-535]} 1. Nf3 Nf6 2. c4 e6 3. Nc3 d5 4. e3 Bd6 5. b3 O-O 6. Bb2 Nc6 7. Be2 dxc4 $146 ({RR} 7... b6 8. cxd5 exd5 9. O-O d4 $2 (9... a6 $11) 10. exd4 (10. Nb5 $18) 10... Bb7 11. Re1 a6 12. h3 Re8 13. Bc4 Qd7 14. Ng5 Rxe1+ 15. Qxe1 Re8 16. Qf1 Nd8 (16... Re7 $11 {remains equal.}) 17. Bxa6 Bxa6 18. Qxa6 Qf5 19. Nf3 Ne6 20. Re1 Rf8 21. Ba3 Bxa3 22. Qxa3 {Donchenko,A (2643)-Gadimbayli,A (2489) chess.com INT 2024 1-0 (51)}) 8. bxc4 {The position is equal.} e5 9. Qc2 Re8 10. Ng5 h6 11. h4 $6 {Inaccuracy. Nge4 was best.} (11. Nge4) 11... Nd4 $36 {[%mdl 2048] Black is pushing.} ({Don't play} 11... hxg5 $6 12. hxg5 Nb4 13. Qb1 $16) 12. exd4 exd4 13. Nb5 (13. Nd5 $15 hxg5 14. hxg5 Nxd5 15. cxd5 Qxg5 16. Qh7+ Kf8 17. Qh8+ Ke7 18. Qh4 Qxh4 19. Rxh4) 13... Bc5 $6 {Inaccuracy. c5 was best.} (13... c5) (13... c5 $17 14. Nf3 (14. Nxd6 $2 Qxd6 15. Qd3 hxg5 $17) 14... Bf4) 14. Kf1 $4 {Blunder. Qd3 was best.} (14. Qd3 $1) ({White must play} 14. Qd3 $1 $15) 14... a6 $19 15. Bd3 axb5 16. cxb5 b6 17. Ne4 Nxe4 18. Bxe4 Ra7 19. a4 Qd6 20. Re1 Bd7 21. Bh7+ Kf8 22. Rxe8+ Bxe8 23. Bd3 c6 24. Rh3 (24. h5 $17) 24... cxb5 $6 {Inaccuracy. Re7 was best.} (24... Re7 25. h5 cxb5 26. Bxb5 Bxb5+ 27. axb5 Qd7 28. Ba3 Qxb5+ 29. Qd3 Qa4 {[%cal Ra4d1]} 30. Qb3) 25. axb5 $6 {Inaccuracy. Bxb5 was best.} (25. Bxb5) (25. Bxb5 $142 Bxb5+ 26. axb5) 25... Ra5 $6 {Inaccuracy. Bd7 was best.} (25... Bd7 26. Rg3 Qf4 27. Kg1 Qxh4 28. Rf3 Be6 29. Be4 Ra2 30. Bc6 Kg8 31. Qc1) (25... Bd7 $19 26. Rh1 Ra5) 26. Qb3 (26. Rf3 $142) 26... Qf4 $17 27. Bc4 Qxd2 $6 {Inaccuracy. d3 was best.} (27... d3 {[%csl Gc5][%cal Rf4f2]} 28. Rf3) (27... Qe4 $17 28. d3 Qg4) 28. Rd3 $11 Qf4 29. Rf3 Qc7 $1 30. g3 Ra8 $6 {Inaccuracy. f6 was best.} (30... f6) ({Black should play} 30... f6 $17 31. Kg1 Bg6) 31. Rf4 Rd8 {[%cal Ba8d8,Bd8d6,Bd6f6][%mdl 32]} 32. Kg1 Kg8 33. h5 Qe7 34. Qd3 Rd6 35. Bb3 $2 {Mistake. Re4 was best.} (35. Re4 Qd8 36. Bc1 Bd7 37. Bf4 Bf5 38. Bxd6 Bxd6 39. Qe2 Bxe4 40. Qxe4 Bc5) (35. Re4 $11 Qd8 36. Rf4) 35... Rf6 $17 36. Re4 {[#]} ({Better is} 36. Rxf6 Qxf6 37. Qe4 Bxb5 38. Qa8+ Kh7 39. Qb7) 36... Bxb5 $1 {[%mdl 512]} 37. Rxe7 (37. Qxb5 Qxe4) 37... Bxd3 38. Rd7 $6 {Inaccuracy. Re8+ was best.} (38. Re8+ Kh7 39. Kg2 b5 40. Bd5 (40. Rd8 $17) 40... Rf5 41. Bf3 g5 (41... Bf1+ $19 42. Kxf1 Rxf3) 42. hxg6+ Kxg6 43. g4 Bf1+) 38... Kf8 $1 39. Bxd4 Bxd4 40. Rxd4 $6 $19 {[%mdl 4096] Endgame Inaccuracy. Rd8+ was best. KRB-KRB} (40. Rd8+ Ke7 41. Rxd4 Bb5 42. Rb4 Bd7 43. Bc4 Kd8 44. f4 b5 45. Be2 Rb6) 40... Be2 41. g4 Bf3 $6 {Inaccuracy. g5 was best.} (41... g5 42. hxg6 Rxg6 43. f4 Bxg4 44. Kf2 h5 45. Bc2 Re6 46. Bd3 Ke7 47. Kg3) (41... g5 $19 42. Kg2 b5) 42. Kh2 Ke7 $6 {Inaccuracy. Be2 was best.} (42... Be2 43. Kg2 b5 44. Rd8+ Ke7 45. Rd4 Bf3+ 46. Kg3 Bb7 47. f4 Ra6 48. Kf2) (42... Be2 $142 43. Kg2 b5) 43. Kg3 b5 44. Rd3 Bc6 45. f4 Be8 46. Re3+ Kf8 47. g5 (47. Rd3 $17 {was called for.}) 47... Ra6 48. Bd5 Rd6 49. Bb3 Bd7 50. Kf3 Be6 51. Bxe6 Rxe6 {KR-KR} 52. Ra3 $2 {Mistake. Rb3 was best.} (52. Rb3 Rb6 $1) (52. Rb3 $142 Rb6 53. Ke4) 52... Re8 $2 {Mistake. b4 was best.} (52... b4 $1 53. Rb3 Rb6 $1 54. Ke3 Rb5 55. gxh6 gxh6 56. Kd4 Ke7 57. Kc4 Rb7 58. Re3+) (52... b4 $142 $1 {[%cal Rb4a3]} 53. Rb3 Rb6) 53. Ra6 $6 {Inaccuracy. Ra5 was best.} (53. Ra5 Rb8 $1 54. Ke2 Kg8 55. Kd2 hxg5 56. fxg5 Rb7 $1 57. g6 fxg6 58. hxg6 Kf8) (53. Ra5 {was necessary.} Rb8 54. Ke2) 53... Rb8 $1 54. gxh6 (54. Ke2 $142 b4 55. Kd2) 54... gxh6 {Black is clearly winning.} 55. Rxh6 $2 {Mistake. Ke2 was best. And now Rh8+ would win.} (55. Ke2 b4 56. Kd1 Rb5 57. Rxh6 {[#]} b3 $1 58. Kc1 Kg7 59. Ra6 Rxh5 60. Rb6 {[#]} Rh1+ $1) 55... Kg7 56. Rd6 b4 {[%cal Bb5b4,Bb4b3][%mdl 32]} 57. Rd2 b3 {Hoping for ...b2.} 58. Rb2 Kh6 59. Ke4 Rb5 60. Kd4 Kxh5 61. Kc4 Rb7 62. Kd4 {Accuracy: White = 48%, Black = 69%.} 0-1

[Event "Sharjah Master 2024"]
[Site "Shsrjah - Abu Dhabi"]
[Date "2024.05.20"]
[Round "?"]
[White "Krzyzanowski, Marcin"]
[Black "Jumabayev, Rinat"]
[Result "0-1"]
[WhiteElo "2526"]
[BlackElo "2595"]
[PlyCount "242"]
[EventDate "2024.05.14"]
[EventCountry "UAE"]

{[%evp 9,242,36,33,3,7,2,5,-12,26,14,20,16,10,-8,-7,-20,-20,-13,0,0,-1,-3,0,-12,-11,-12,2,-7,-5,-12,0,-12,-13,-13,-9,-12,-8,-20,-19,-21,-2,-4,-4,-5,-3,-5,0,-1,0,0,2,-6,-7,-16,-13,-15,-13,-18,-10,-16,-22,-39,-11,-66,-65,-66,-70,-62,-67,-80,-67,-238,-244,-288,-268,-287,-279,-282,-284,-340,-340,-354,-344,-389,-13,-12,0,0,0,0,-3,-3,0,0,0,0,0,0,0,0,0,0,0,0,0,0,0,0,0,0,0,0,0,0,0,0,0,0,0,0,0,0,0,0,0,0,0,0,0,0,0,0,0,-4,-4,-10,-2,0,0,0,0,0,0,-1,0,-5,0,0,0,0,0,0,0,0,0,-6,-5,-37,-42,-178,-178,-191,-190,-187,-189,-190,-190,-190,-187,-187,-178,-185,-186,-921,-163,-156,-160,-162,-164,-168,-152,-151,-161,-161,-156,-217,-203,-258,-236,-458,-455,-655,-655,-654,-654,-513,-509,-534,-519,-536,-537,-536,-536,-527,-527,-512,-489,-519,-482,-405,-425,-488,-481,-579,-574,-672,-641,-858,-847,-853,-853,-847,-847,-841,-841,-836,-835,-779,-672,-644,-538,-812,-712,-853,-826]} 1. e4 c5 2. c3 e6 3. Nf3 d5 4. exd5 exd5 5. Bb5+ Nc6 6. Qe2+ $146 ({RR} 6. O-O Bd6 7. Re1+ Nge7 8. d4 O-O 9. dxc5 Bxc5 10. Bd3 Bf5 11. Bxf5 Nxf5 12. Qd3 Qd7 13. Nbd2 Rfe8 14. Nb3 Rxe1+ 15. Nxe1 Bb6 16. Nf3 d4 17. cxd4 Nfxd4 18. Nbxd4 Nxd4 19. Nxd4 Qxd4 20. Qxd4 Bxd4 {Zheenbekov,N (2137)-Souleidis,G (2414) chess.com INT 2024 ½-½ (57)}) ({RR} 6. O-O Bd6 7. Re1+ Nge7 8. d4 O-O 9. dxc5 Bxc5 10. Be3 Bd6 11. h3 h6 12. Nbd2 Nf5 13. Nb3 a6 14. Bd3 Qf6 15. Nbd4 Nxe3 16. Rxe3 Bd7 17. Bc2 Rfe8 18. Rxe8+ Rxe8 19. Qd3 g6 20. Nxc6 (20. Bb3 $11) 20... bxc6 {Ismayil,M (2200)-Maltsevskaya,A (2374) FIDE Online Arena INT 2024 0-1 (39)}) ({RR} 6. O-O Bd6 7. Re1+ Nge7 8. d4 O-O 9. h3 a6 10. Bd3 cxd4 11. cxd4 Bf5 12. Nc3 Bc7 13. Bg5 Qd6 $2 {[%mdl 8192]} (13... f6 $11 {and Black is okay.} 14. Bh4 Bxd3 15. Qxd3 Qd7) 14. Bxe7 Nxe7 15. Rxe7 Bxd3 16. Rxc7 $1 Qxc7 17. Qxd3 Rad8 18. Ng5 {[%csl Gg5][%cal Rd3h7]} g6 19. h4 Qd6 20. h5 Qf6 {Ismayil,M (2200)-Gorli Nyna (1615) FIDE Online Arena INT 2024 1-0 (45)}) 6... Qe7 7. d4 Qxe2+ 8. Kxe2 {The position is equal.} Bd7 9. Re1 O-O-O (9... Nxd4+ {looks sharper.} 10. Nxd4 cxd4 11. Kd3+ Kd8 12. Bxd7 Kxd7 13. cxd4 Bd6) 10. Kf1 cxd4 11. Nxd4 Nxd4 12. Bxd7+ Kxd7 13. cxd4 Bd6 14. Nc3 Ne7 15. a3 Rc8 16. Re3 f6 ({Much weaker is} 16... Bxh2 17. g3 $16) 17. Rf3 Bc7 (17... Bxh2 $6 18. g3 $16) 18. Na4 Bd6 ({Much worse is} 18... Bxh2 $6 19. Nc5+ Ke8 20. g3 $16) 19. Nc3 Ke6 ({Of course not} 19... Bxh2 $6 20. g3 $16) 20. Bf4 (20. Bd2 {with more complications.} a6 21. Ke2 b5 22. h3 Rc4 23. Kd3) 20... Bxf4 21. Rxf4 Rhd8 22. Rf3 Kf7 23. Ne2 Rc2 24. Rb3 Rd7 25. Rc1 Rxc1+ 26. Nxc1 $11 {[%mdl 4096] Endgame KRN-KRN} Nf5 27. Ne2 Nd6 28. Rc3 Nc4 29. Rc2 Ke6 30. Ke1 Kd6 31. Kd1 a6 32. a4 Re7 33. b3 Na5 34. Rc3 Nc6 35. Kd2 Re4 36. Re3 (36. Rd3 {keeps more tension.} g5 37. f3 Re8 38. Re3 Rg8 39. Kc3) 36... Rh4 37. Rh3 Rxh3 38. gxh3 $15 {KN-KN} Ke6 39. Ke3 Kf5 40. Nc3 $4 {Blunder. Ng3+ was best.} (40. Ng3+) (40. Ng3+ $15 Kg5 41. f4+ Kg6 42. h4) 40... Nb4 $1 $19 41. Kf3 $6 {Inaccuracy. f4 was best.} (41. f4 Nc2+) 41... Nc2 42. Ne2 a5 43. h4 {[#]} Ne1+ $1 44. Kg3 $6 {[#] Inaccuracy. Ke3 was best.} (44. Ke3 Ng2+ 45. Kd2 Ke4 46. h5 g5 47. hxg6 hxg6 48. Nc3+ Kxd4 49. Ne2+ Ke5) 44... Ke4 $1 45. h5 Nc2 46. f3+ Kf5 $4 {Blunder. Kd3 was best.} (46... Kd3 47. Kf2 Nb4 48. Ng3 Kxd4 49. f4 Kc3 50. h6 gxh6 51. Nh5 f5 52. Ng7) (46... Ke3 $19 47. Nf4 Kxd4) 47. h4 $11 b6 48. Kf2 Ke6 49. Kg3 Ne3 50. Kf4 Nf1 (50... Nf5 {feels hotter.} 51. Kg4 Ne3+ 52. Kf4 Nc2 53. Kg4 Na1) 51. Nc1 Kd6 52. Nd3 Nd2 53. b4 axb4 54. Nxb4 Nc4 55. Kf5 Nd2 56. Kf4 Ke6 57. Na6 Kd7 58. Nb4 Kd6 59. Nd3 Ke6 60. Kg4 Nb3 61. Nf4+ Kd6 62. h6 gxh6 63. Ne2 Nd2 64. f4 Ke6 65. f5+ Kd6 66. Kh5 Nf3 67. Kg4 Ne1 68. Nc3 Ng2 69. Nd1 Kc6 70. Nc3 {[#]} h5+ $1 {[%mdl 512]} 71. Kxh5 Ne3 72. Ne2 Nxf5 {next ...b5 is good for Black.} 73. Kg4 Ng7 74. h5 Kd6 75. h6 Ne6 76. Kf5 Ke7 77. Kg4 Kf7 78. Nc3 Nc7 {Black wants to play ...Kg6.} 79. Kf5 Ke7 80. Kg4 Ke6 81. Ne2 Kf7 82. Nf4 b5 83. axb5 (83. a5 {seems wilder.} b4 84. Nd3 Na6 85. Kf5 b3 86. Nb2) 83... Nxb5 84. Nxd5 $2 {Mistake. Ne2 was best.} (84. Ne2 Na3 85. Ng3 Nc2 86. Ne2 Ke6 87. Kf4 Nb4 88. Kg4 Nc6 89. Nf4+ Kf7) (84. Ne2 $15) 84... Nxd4 $19 85. Nf4 Ne6 {Hoping for ...Nxf4.} 86. Nd5 Kg6 87. Ne7+ Kf7 88. Nc6 Nc7 89. Kf5 {intending Nd8+.} Nd5 {...Ne7+ is the strong threat.} 90. Nd8+ Ke8 91. Nc6 $4 {Blunder. Nb7 was best.} (91. Nb7 Ke7 92. Ke4 Nb6 93. Kf4 Nc8 94. Kf5 Kf7 95. Nd8+ Ke8 96. Ne6 Ke7) (91. Nb7 $142) 91... Kd7 $4 {Blunder. Ne7+ was best.} (91... Ne7+ 92. Kf4 Nxc6 93. Kf5 Kd7 94. Kf4 Ke6 95. Ke4 f5+ 96. Kf4 Kf6 97. Ke3) (91... Ne7+ $142 92. Ke6 Nxc6 93. Kxf6 Ne7) 92. Nd4 Kd6 93. Nb5+ Ke7 94. Ke4 Nb6 95. Kf4 Kf7 96. Kf5 Nc8 97. Nd4 $6 {Inaccuracy. Kf4 was best.} (97. Kf4) (97. Nc7 $17) 97... Ne7+ 98. Kg4 Kg6 99. Ne6 $2 (99. Nf3) 99... Kxh6 100. Nf4 $2 {Mistake. Nc5 was best.} (100. Nc5 Kg6 101. Ne6 f5+ 102. Kh4 Nd5 103. Nf8+ Kg7 104. Ne6+ Kf7 105. Ng5+ Kg6) (100. Kg3 $142 Kg6 101. Kh4) 100... f5+ 101. Kg3 Kg5 102. Nh3+ $6 {Inaccuracy. Ne6+ was best.} (102. Ne6+ Kf6 103. Nf8 h6 104. Nd7+ Ke6 105. Nc5+ Kd6 106. Nb7+ Ke5 107. Nc5 Ng6) 102... Kg6 103. Kh4 Kh6 104. Ng1 Ng6+ 105. Kg3 Kg5 106. Nf3+ Kf6 107. Nd4 h6 108. Nf3 Ke6 109. Nd4+ Ke5 110. Nb3 {Black is clearly winning.} Ke4 111. Nc5+ Ke3 112. Ne6 f4+ 113. Kg2 f3+ 114. Kf1 Ne5 115. Ng7 Ng4 116. Nf5+ Kf4 117. Ng7 Ke4 118. Nh5 Ke3 {( -> ...Nh2+)} 119. Ng3 {[#]} h5 $1 {And now ...Nh6 would win.} 120. Nf5+ (120. Nxh5 Nh2+) 120... Kf4 121. Nh4 Ne5 {Accuracy: White = 73%, Black = 90%.} 0-1